| 000 | 00775nam a2200217Ia 4500 | ||
|---|---|---|---|
| 003 | GCL | ||
| 008 | 140319s9999 xx 000 0 ara d | ||
| 040 |
_aGCL / _cGCL |
||
| 082 | 0 | 4 |
_a190 _bر ف |
| 100 | 1 | _aزكى نجيب محمود | |
| 245 | 1 | 0 |
_aفلسفة القرن العشرين: مجموعة مقالات فى المذاهب الفلسفية المعاصرة / _cزكى نجيب محمود |
| 700 | 1 | _aرونز ، د . داجوبرت | |
| 700 | 1 | _aعثمان نويه | |
| 260 |
_a[S.N] : _bمؤسسة سجل العرب ، _c1963 |
||
| 300 |
_a360 ص ؛ _c24 سم |
||
| 490 |
_aالالف كتاب _v464 |
||
| 650 | 0 | 4 | _aالفلسفة |
| 650 | 0 | 4 | _aالفلسفة الحديثة |
| 650 | 0 | 4 | _aالفلسفة الغربية الحديثة |
| 942 |
_2ddc _cBK |
||
| 999 |
_c45367 _d45367 |
||